[Event "zonal 3.5 (w)"]
[Site "Tianjin CHN"]
[Date "2007.04.29"]
[Round "2.17"]
[White "Wen Yang"]
[Black "Ji Dan"]
[Result "1/2-1/2"]
[WhiteElo "2475"]
[BlackElo "2246"]
[EventDate "2007.04.28"]
[PlyCount "62"]

1.e4 c5 2.Nf3 d6 3.d4 cxd4 4.Nxd4 Nf6 5.Nc3 a6 6.f4 e5 7.Nf3 Nbd7 8.a4 Be7
9.Bd3 O-O 10.O-O exf4 11.Kh1 Nc5 12.Bxf4 Be6 13.Be3 Rc8 14.Qe1 Ng4 15.Bf4 
Re8 16.Qg3 Qb6 17.Rab1 Nxd3 18.cxd3 Nf6 19.Ng5 Bb3 20.Be3 Qb4 21.Qh3 h6 
22.Nf3 Bc2 23.Bxh6 gxh6 24.Qxh6 Bxb1 25.Nh4 Rc5 26.Ng6 fxg6 27.Qxg6+ Kf8 
28.Qh6+ Kf7 29.Qh7+ Ke6 30.Qh3+ Kf7 31.Qh7+ Ke6 1/2-1/2

[Event "zonal 3.5 (w)"]
[Site "Tianjin CHN"]
[Date "2007.04.29"]
[Round "2.18"]
[White "Yu Lie"]
[Black "Lin Yi"]
[Result "1/2-1/2"]
[WhiteElo "2325"]
[BlackElo "2226"]
[EventDate "2007.04.28"]
[PlyCount "158"]

1.d4 Nf6 2.g3 c5 3.d5 e6 4.c4 exd5 5.cxd5 d6 6.Nc3 g6 7.Bg2 Bg7 8.Nf3 O-O 
9.O-O Re8 10.Nd2 a6 11.a4 Nbd7 12.Qb3 Rb8 13.Nc4 Ne5 14.Nxe5 Rxe5 15.a5 
Re7 16.Qc4 Nd7 17.Qh4 Bf6 18.Bg5 Re5 19.Bxf6 Qxf6 20.Ne4 Qxh4 21.gxh4 Rxd5
22.Rfd1 Rxd1+ 23.Rxd1 Ne5 24.Rxd6 Bf5 25.Rd5 Nc4 26.Rxc5 Nxb2 27.Nd6 Be6 
28.Bxb7 Nc4 29.Nxc4 Rxb7 30.Nb6 Kf8 31.h5 Ke7 32.hxg6 hxg6 33.Rc6 Kd8 34.
Rd6+ Kc7 35.Rd4 Kc6 36.Rb4 Rc7 37.f3 Kc5 38.Rb1 Kd4 39.Kf2 Rc5 40.Rd1+ Ke5
41.Ra1 Kd4 42.Rd1+ Ke5 43.Ra1 Kd4 44.Ra3 Rb5 45.h4 Kc5 46.Kg3 Kb4 47.Ra4+ 
Kc5 48.e4 Bb3 49.Ra1 Kb4 50.Rb1 Rxa5 51.Nd5+ Kc4 52.Kf4 Rb5 53.Ke5 a5 54.
Rc1+ Kd3 55.Rc7 a4 56.Ra7 Kc2 57.Kf6 Kb2 58.Kxf7 Rb6 59.Kg7 Rd6 60.Nf6 a3 
61.Kxg6 a2 62.h5 Bd1 63.f4 Bc2 64.Kf5 Bd3 65.Rxa2+ Kxa2 66.Ke5 Ra6 67.f5 
Kb3 68.h6 Ra1 69.Ng4 Re1 70.Nf2 Bxe4 71.Nxe4 Rh1 72.f6 Rxh6 73.f7 Rh8 74.
Nc5+ Ka2 75.Nd7 Ka1 76.Kf6 Ka2 77.Kg7 Rd8 78.Nc5 Ra8 79.Nb7 Rc8 1/2-1/2

[Event "zonal 3.5 (w)"]
[Site "Tianjin CHN"]
[Date "2007.04.29"]
[Round "2.19"]
[White "Wu Kaiyu"]
[Black "Jia Haoxiang"]
[Result "1-0"]
[WhiteElo "2287"]
[BlackElo "2198"]
[EventDate "2007.04.28"]
[PlyCount "81"]

1.e4 c5 2.Nf3 e6 3.c3 Nf6 4.e5 Nd5 5.d4 cxd4 6.cxd4 d6 7.Bc4 Nb6 8.Bd3 Nc6
9.a3 dxe5 10.dxe5 Nd7 11.Bb5 Qa5+ 12.Nc3 a6 13.Bxc6 bxc6 14.Bf4 c5 15.O-O 
Bb7 16.Nd2 Qc7 17.Re1 Be7 18.Nde4 Qc6 19.f3 O-O 20.Qc2 Rfd8 21.Rac1 Rac8 
22.Bg5 Bxg5 23.Nxg5 Nf8 24.Nge4 Ng6 25.Nd6 Rc7 26.Nce4 c4 27.Ng5 Qb6+ 28.
Kh1 Bd5 29.Rcd1 Qb3 30.Qf2 h6 31.Ndxf7 Rxf7 32.Nxe6 Bxe6 33.Rxd8+ Kh7 34.
Qd4 Qc2 35.Rd6 Rf4 36.Qb6 Nh4 37.Rg1 Bf5 38.Qe3 Nxf3 39.gxf3 Rxf3 40.Rxg7+
Kxg7 41.Qxh6+ 1-0

[Event "zonal 3.5 (w)"]
[Site "Tianjin CHN"]
[Date "2007.04.30"]
[Round "3.3"]
[White "Wan Yunguo"]
[Black "Bu Xiangzhi"]
[Result "1/2-1/2"]
[WhiteElo "2386"]
[BlackElo "2656"]
[EventDate "2007.04.28"]
[PlyCount "122"]

1.e4 c5 2.Nf3 d6 3.d4 cxd4 4.Nxd4 Nf6 5.Nc3 a6 6.a4 Nc6 7.Be2 e5 8.Nb3 Be7
9.Bg5 O-O 10.O-O Nb4 11.a5 b5 12.Qd2 Nc6 13.Rfd1 Be6 14.Bxf6 Bxf6 15.Nd5 
Bg5 16.Qe1 Rc8 17.c4 bxc4 18.Bxc4 Rb8 19.Qc3 Bxd5 20.Rxd5 Nb4 21.Rdd1 Qd7 
22.Qxe5 Qg4 23.Qg3 Qxg3 24.hxg3 Rfc8 25.f4 Bf6 26.Nd2 Bxb2 27.Rab1 Bf6 28.
Bf1 Be7 29.Nc4 Nc6 30.Rb6 Rxb6 31.axb6 Rb8 32.Kh2 a5 33.Be2 Kf8 34.Bg4 Nb4
35.Ra1 Bd8 36.Rxa5 Bxb6 37.Nxb6 Rxb6 38.Ra8+ Ke7 39.Ra7+ Ke8 40.Be2 Nc6 
41.Rc7 Nd8 42.Bc4 Kf8 43.Bd5 Ne6 44.Rd7 h5 45.Kh3 Rb1 46.Kh2 Rb6 47.g4 
hxg4 48.Kg3 Rb2 49.Rxd6 Ke7 50.Ra6 g5 51.Ra7+ Kd6 52.Ra6+ Ke7 53.f5 Nf4 
54.f6+ Kd7 55.Ra2 Nh5+ 56.Kxg4 Nxf6+ 57.Kf5 Rxa2 58.Bxa2 Ke7 59.e5 Ne8 60.
Bb3 g4 61.g3 Ng7+ 1/2-1/2

[Event "zonal 3.5 (w)"]
[Site "Tianjin CHN"]
[Date "2007.04.30"]
[Round "3.4"]
[White "An Zhixiao"]
[Black "Wang Hao"]
[Result "0-1"]
[WhiteElo "2169"]
[BlackElo "2638"]
[EventDate "2007.04.28"]
[PlyCount "50"]

1.e4 e5 2.Nf3 Nc6 3.Bb5 a6 4.Ba4 Nf6 5.d4 exd4 6.O-O Be7 7.e5 Ne4 8.Nxd4 
O-O 9.Nf5 d5 10.Bxc6 bxc6 11.Nxe7+ Qxe7 12.Re1 Bf5 13.f3 Nc5 14.b3 Ne6 15.
Ba3 c5 16.Qd2 d4 17.c3 Rfd8 18.c4 a5 19.Qf2 Nf4 20.Qd2 Nd3 21.Re2 a4 22.g4
Bg6 23.f4 Qh4 24.Rg2 Ne1 25.Rg3 Qxg3+ 0-1

[Event "zonal 3.5 (w)"]
[Site "Tianjin CHN"]
[Date "2007.04.30"]
[Round "3.5"]
[White "Zhou Jianchao"]
[Black "Gu Xiaobing"]
[Result "1-0"]
[WhiteElo "2572"]
[BlackElo "2351"]
[EventDate "2007.04.28"]
[PlyCount "61"]

1.d4 Nf6 2.c4 g6 3.Nc3 Bg7 4.e4 d6 5.f3 O-O 6.Be3 Nc6 7.Nge2 a6 8.Qd2 Rb8 
9.Rc1 e5 10.d5 Ne7 11.Ng3 Ne8 12.Be2 f5 13.exf5 Nxf5 14.Nxf5 gxf5 15.O-O 
f4 16.Ba7 Ra8 17.Bf2 Rf5 18.Ne4 Rh5 19.c5 dxc5 20.Rxc5 Bf5 21.Rfc1 Qd7 22.
Qb4 Rb8 23.Qb3 Kh8 24.Bxa6 Bf8 25.Bb5 Qg7 26.Bxe8 Rxe8 27.Rxc7 Be7 28.d6 
Rg8 29.Qxg8+ Qxg8 30.dxe7 Rh6 31.Rd1 1-0

[Event "zonal 3.5 (w)"]
[Site "Tianjin CHN"]
[Date "2007.04.30"]
[Round "3.6"]
[White "Li Shilong"]
[Black "Xiu Deshun"]
[Result "0-1"]
[WhiteElo "2552"]
[BlackElo "2289"]
[EventDate "2007.04.28"]
[PlyCount "90"]

1.e4 c5 2.Nf3 d6 3.d4 cxd4 4.Nxd4 Nf6 5.Nc3 a6 6.Bg5 e6 7.f4 Nbd7 8.Qf3 
Qc7 9.O-O-O b5 10.Bd3 Bb7 11.Rhe1 Qb6 12.Bxf6 Nxf6 13.g4 O-O-O 14.Nb3 d5 
15.g5 dxe4 16.Bxe4 Rxd1+ 17.Rxd1 Nxe4 18.Nxe4 Bd5 19.Qd3 Qc7 20.Qe3 Be7 
21.a3 Bxb3 22.Qxb3 Qxf4+ 23.Nd2 Rd8 24.Qc3+ Kb7 25.Rf1 Qxd2+ 26.Qxd2 Rxd2 
27.Kxd2 Bxg5+ 28.Kd3 f6 29.c4 e5 30.Rg1 g6 31.b4 Bf4 32.c5 Kc6 33.h4 f5 
34.Ke2 e4 35.h5 g5 36.h6 Kd5 37.Rd1+ Ke6 38.Rd8 g4 39.c6 Bd6 40.Rd7 f4 41.
Rg7 f3+ 42.Kd1 g3 43.Ke1 g2 44.Kf2 Bh2 45.c7 g1=Q+ 0-1

[Event "zonal 3.5 (w)"]
[Site "Tianjin CHN"]
[Date "2007.04.30"]
[Round "3.7"]
[White "Liang Chong"]
[Black "Wang Chen"]
[Result "1/2-1/2"]
[WhiteElo "2505"]
[BlackElo "2249"]
[EventDate "2007.04.28"]
[PlyCount "218"]

1.d4 d5 2.e3 Nf6 3.Bd3 g6 4.Nf3 Bg7 5.O-O O-O 6.b4 Nfd7 7.c4 c5 8.cxd5 
cxd4 9.e4 a5 10.Bb2 axb4 11.Bxd4 Bxd4 12.Nxd4 Nc5 13.Nb3 Nbd7 14.Bc2 e6 
15.Qd4 Qb6 16.N1d2 Nxb3 17.Qxb6 Nxb6 18.Bxb3 exd5 19.exd5 Bf5 20.Rfd1 Na4 
21.Nc4 Nc3 22.Rd2 Rfd8 23.Ne3 Bb1 24.h4 Kf8 25.Kh2 Ra6 26.Nc2 Rb6 27.Ne3 
Ra6 28.Rb2 Bd3 29.Rc1 Rda8 30.Rd2 Bb1 31.Rb2 Bxa2 32.Bxa2 Nxa2 33.Rc7 b5 
34.Rb7 Nc3 35.Rxb4 R6a7 36.Rb6 Ra6 37.Rxa6 Rxa6 38.Rb3 Ne4 39.Rxb5 Nxf2 
40.Rb8+ Ke7 41.Rb7+ Kf6 42.Kg3 Ra2 43.Kf3 h5 44.Nc4 Ng4 45.Rb6+ Ke7 46.
Rb7+ Kf6 47.Rb6+ Ke7 48.g3 Rc2 49.Rb7+ Kf6 50.Nd6 Ke5 51.Nxf7+ Kxd5 52.Kf4
Rf2+ 53.Kg5 Rf3 54.Kxg6 Rxg3 55.Ng5 Ne3 56.Rb3 Kc4 57.Ra3 Kb4 58.Ra1 Ng2 
59.Kxh5 Nxh4 60.Kxh4 Rd3 61.Kg4 Rd8 62.Kf4 Kc4 63.Rc1+ Kb3 64.Ke3 Kb2 65.
Rc7 Kb3 66.Nf3 Kb4 67.Nd4 Re8+ 68.Kd3 Rd8 69.Rb7+ Kc5 70.Rc7+ Kd6 71.Rh7 
Rg8 72.Rh6+ Kd5 73.Rh5+ Kd6 74.Ne2 Rg4 75.Ke3 Rg8 76.Nc3 Rb8 77.Kf4 Rb4+ 
78.Ne4+ Kc6 79.Rc5+ Kb6 80.Rc8 Rb5 81.Ke3 Rh5 82.Kd4 Rh4 83.Rc1 Kb7 84.Kd5
Rh5+ 85.Ke6 Rh6+ 86.Nf6 Kb6 87.Ke5 Kb5 88.Nd7 Rh5+ 89.Kd4 Rh4+ 90.Kd5 Rh5+
91.Ne5 Kb4 92.Rc4+ Kb3 93.Re4 Kc3 94.Kc5 Rh8 95.Re3+ Kd2 96.Nc4+ Kc2 97.
Nd6 Kd2 98.Kd4 Rh4+ 99.Ne4+ Kc2 100.Kc4 Rh8 101.Re2+ Kc1 102.Kb3 Rb8+ 103.
Kc3 Rc8+ 104.Kd3 Rd8+ 105.Ke3 Re8 106.Rh2 Kb1 107.Kd3 Rd8+ 108.Kc4 Rc8+ 
109.Nc5 Kc1 1/2-1/2

[Event "zonal 3.5 (w)"]
[Site "Tianjin CHN"]
[Date "2007.04.30"]
[Round "3.8"]
[White "Ju Wenjun"]
[Black "Zhao Jun"]
[Result "1/2-1/2"]
[WhiteElo "2345"]
[BlackElo "2554"]
[EventDate "2007.04.28"]
[PlyCount "114"]

1.d4 d5 2.Nf3 Nf6 3.c4 c6 4.Nc3 e6 5.e3 a6 6.a4 c5 7.Be2 Nc6 8.O-O Bd6 9.
b3 O-O 10.Bb2 b6 11.g3 Nb4 12.cxd5 exd5 13.Na2 Nxa2 14.Rxa2 Bh3 15.Re1 Be6
16.Ng5 h6 17.Nxe6 fxe6 18.Bd3 Qc7 19.Qe2 e5 20.dxe5 Bxe5 21.Bxe5 Qxe5 22.
Rc2 a5 23.e4 dxe4 24.Bxe4 Nxe4 25.Qc4+ Kh8 26.Rxe4 Qd6 27.Rce2 Rad8 28.Qe6
Qd1+ 29.Kg2 Rd6 30.Qc4 Rdf6 31.Re6 Qd7 32.Rxf6 Rxf6 33.h4 Rf8 34.Re6 Qd2 
35.Re2 Qd1 36.Qe6 Qd8 37.Qc6 Kh7 38.Qe4+ Kg8 39.Qe6+ Kh8 40.Qc6 Kh7 41.
Qe4+ Kg8 42.Qe6+ Kh8 43.Qc6 Qf6 44.Qxf6 Rxf6 45.Re7 Kh7 46.h5 Rd6 47.Rb7 
Rc6 48.f4 c4 49.bxc4 Rxc4 50.f5 Kg8 51.Rxb6 Rxa4 52.f6 gxf6 53.Rxf6 Kg7 
54.Rg6+ Kh7 55.Ra6 Ra3 56.Ra7+ Kg8 57.Kh3 Ra4 1/2-1/2

[Event "zonal 3.5 (w)"]
[Site "Tianjin CHN"]
[Date "2007.04.30"]
[Round "3.10"]
[White "Zhang Xiaowen"]
[Black "Wu Wenjin"]
[Result "1/2-1/2"]
[WhiteElo "2203"]
[BlackElo "2498"]
[EventDate "2007.04.28"]
[PlyCount "138"]

1.e4 c6 2.d4 d5 3.Nd2 dxe4 4.Nxe4 Nd7 5.Nf3 Ngf6 6.Ng3 e6 7.Bd3 c5 8.O-O 
cxd4 9.Nxd4 Bc5 10.Nb3 Be7 11.Re1 O-O 12.Qf3 Bd6 13.Bf4 Bxf4 14.Qxf4 Nd5 
15.Qf3 Qf6 16.Qe4 g6 17.c3 Qf4 18.Rad1 N7f6 19.Qxf4 Nxf4 20.Ne4 Nxd3 21.
Nxf6+ Kg7 22.Nh5+ gxh5 23.Rxd3 b6 24.Re5 Bb7 25.Rxh5 Be4 26.Rg3+ Kf6 27.f4
Rac8 28.Nd4 Rc5 29.Rgg5 Rfc8 30.Nb5 Rd8 31.Nd4 Rdc8 32.Nb5 Bg6 33.Rxc5 
bxc5 34.Re5 Rd8 35.Kf2 Rb8 36.Nxa7 Rxb2+ 37.Kf3 Rxa2 38.Nc6 c4 39.Rc5 Bd3 
40.Ne5 Ra7 41.Nxc4 Kg7 42.Ne5 Bc2 43.Rc8 Bb3 44.g3 Bd5+ 45.Ke3 f6 46.Nf3 
Kf7 47.Nd2 Kg6 48.c4 Ra3+ 49.Kd4 Bg2 50.c5 Kf5 51.Nc4 Ra4 52.Kc3 Kg4 53.
Ne3+ Kf3 54.Nxg2 Kxg2 55.c6 Kxh2 56.Rd8 Ra6 57.Rd6 Ra8 58.Rxe6 Kxg3 59.
Rxf6 h5 60.Kd4 h4 61.Rh6 h3 62.Ke5 Ra5+ 63.Kd6 h2 64.Kd7 Rf5 65.c7 Rf7+ 
66.Kd6 Rf8 67.f5 Kg2 68.Kd7 Rf7+ 69.Kd8 Rf8+ 1/2-1/2

[Event "zonal 3.5 (w)"]
[Site "Tianjin CHN"]
[Date "2007.04.30"]
[Round "3.11"]
[White "Lou Yiping"]
[Black "Du Shan"]
[Result "1/2-1/2"]
[WhiteElo "2268"]
[BlackElo "2399"]
[EventDate "2007.04.28"]
[PlyCount "68"]

1.d4 d5 2.c4 e6 3.Nc3 Nf6 4.Nf3 c6 5.e3 Bd6 6.Bd3 Nbd7 7.O-O O-O 8.e4 dxe4
9.Nxe4 Nxe4 10.Bxe4 Nf6 11.Bc2 h6 12.b3 Qe7 13.Qd3 Rd8 14.Re1 b6 15.a4 Ba6
16.Bb2 Kf8 17.Nh4 Bb4 18.Re2 Nh5 19.Qe4 Bb7 20.g3 Nf6 21.Qf3 Rd7 22.Qd3 
Qd8 23.Rf1 Rc8 24.f4 Bd6 25.Nf3 c5 26.d5 exd5 27.Bxf6 Qxf6 28.Ne5 Re7 29.
cxd5 g6 30.Rfe1 Rcc7 31.h4 h5 32.Kh2 Kg7 33.Qf3 Re8 34.Bd3 Rd8 1/2-1/2

[Event "zonal 3.5 (w)"]
[Site "Tianjin CHN"]
[Date "2007.04.30"]
[Round "3.12"]
[White "Ding Yixin"]
[Black "Wang Yu"]
[Result "0-1"]
[WhiteElo "2278"]
[BlackElo "2384"]
[EventDate "2007.04.28"]
[PlyCount "204"]

1.e4 e5 2.Nf3 Nc6 3.Bb5 a6 4.Ba4 Nf6 5.O-O Be7 6.Re1 b5 7.Bb3 O-O 8.a4 b4 
9.d3 d6 10.Nbd2 Na5 11.Ba2 c5 12.c3 Rb8 13.h3 Be6 14.Bxe6 fxe6 15.Nf1 bxc3
16.bxc3 Qd7 17.Qc2 Rb7 18.Ne3 Rfb8 19.Ra2 Qc6 20.Nd2 Nd7 21.Nec4 Bd8 22.
Nxa5 Bxa5 23.Nc4 Bc7 24.f4 exf4 25.Bxf4 Rf8 26.Qd2 d5 27.exd5 exd5 28.Ne5 
Nxe5 29.Bxe5 Ba5 30.d4 c4 31.Rb2 Rbf7 32.Qc2 Qh6 33.Bg3 Qg5 34.Kh2 Qf5 35.
Qd2 Qd7 36.Qc2 Bc7 37.Be5 Re7 38.Qd1 Ba5 39.Re3 Ref7 40.Rg3 Qf5 41.Rf3 Qe6
42.Rg3 Qf5 43.Re2 h6 44.Qc1 Kh7 45.Qa3 Qf1 46.Ree3 Bd8 47.Qxf8 Rxf8 48.
Rxg7+ Kh8 49.Rf7+ Kg8 50.Rxf1 Rxf1 51.Bd6 Ba5 52.Re5 Bxc3 53.Rxd5 Bd2 54.
Rc5 c3 55.Rc8+ Kh7 56.Bb4 Rb1 57.Ba5 Bf4+ 58.g3 Rb2+ 59.Kh1 c2 60.gxf4 
Rb1+ 61.Kg2 c1=Q 62.Rxc1 Rxc1 63.Bb6 Kg6 64.Kg3 Kf5 65.d5 Rd1 66.Kh4 Rxd5 
67.Bc7 Rc5 68.Bb6 Rc4 69.a5 Kf6 70.Kg4 h5+ 71.Kg3 Kf5 72.Kh4 Rc3 73.Bd4 
Ra3 74.Bb6 Kxf4 75.Kxh5 Rxh3+ 76.Kg6 Ke4 77.Kf6 Kd5 78.Ke7 Kc6 79.Ke6 Rh5 
80.Bd8 Rc5 81.Bb6 Rg5 82.Bd8 Rg8 83.Bb6 Rg5 84.Bd8 Rh5 85.Bb6 Kb5 86.Kd6 
Rh1 87.Ke5 Rd1 88.Ke4 Kc4 89.Ke3 Rd7 90.Ke2 Kc3 91.Bc5 Rc7 92.Bb6 Re7+ 93.
Kd1 Re5 94.Bc7 Rd5+ 95.Ke2 Rd7 96.Bb6 Re7+ 97.Kd1 Re4 98.Bc5 Kd3 99.Bb6 
Rc4 100.Bd8 Rf4 101.Kc1 Kc3 102.Kb1 Kb3 0-1

[Event "zonal 3.5 (w)"]
[Site "Tianjin CHN"]
[Date "2007.04.30"]
[Round "3.13"]
[White "Ji Dan"]
[Black "Li Haoyu"]
[Result "1-0"]
[WhiteElo "2246"]
[BlackElo "2285"]
[EventDate "2007.04.28"]
[PlyCount "63"]

1.e4 c5 2.Nf3 d6 3.d4 cxd4 4.Nxd4 Nf6 5.Nc3 g6 6.Be3 Bg7 7.Bc4 O-O 8.f3 
Nc6 9.Qd2 Bd7 10.O-O-O Qa5 11.Kb1 Rfc8 12.Bb3 Ne5 13.g4 Nc4 14.Bxc4 Rxc4 
15.Nb3 Qa6 16.e5 Nxg4 17.fxg4 Bxg4 18.exd6 Bxd1 19.dxe7 Bxc2+ 20.Qxc2 Qe6 
21.Qd3 Rcc8 22.Bg5 f6 23.Bh4 Qxe7 24.Re1 Qf7 25.Ne4 Re8 26.Rd1 Qe7 27.Nd6 
Rad8 28.Nc5 Rf8 29.Qd5+ Kh8 30.Ne6 Rd7 31.Nxf8 Qxf8 32.Qe6 1-0

[Event "zonal 3.5 (w)"]
[Site "Tianjin CHN"]
[Date "2007.04.30"]
[Round "3.14"]
[White "Lin Yi"]
[Black "Wen Yang"]
[Result "0-1"]
[WhiteElo "2226"]
[BlackElo "2475"]
[EventDate "2007.04.28"]
[PlyCount "78"]

1.d4 d5 2.c4 dxc4 3.e4 Nf6 4.Nc3 e5 5.Nf3 exd4 6.Qxd4 Qxd4 7.Nxd4 Bc5 8.
Be3 O-O 9.Bxc4 Ng4 10.Nd5 Nxe3 11.fxe3 Nc6 12.Nxc7 Rb8 13.O-O-O Bg4 14.
Nxc6 Bxe3+ 15.Kb1 bxc6 16.Rde1 Bd4 17.b3 a5 18.Rhf1 Rb7 19.Na6 Ra7 20.Rc1 
Rfa8 21.h3 Bh5 22.Nc5 Bxc5 23.Rf5 Ba3 24.Rxh5 g6 25.Re5 Kg7 26.Be2 Bxc1 
27.Kxc1 a4 28.b4 a3 29.Kc2 Rb8 30.Kb3 Rab7 31.b5 cxb5 32.Kxa3 Ra7+ 33.Kb3 
Rba8 34.Rxb5 Ra3+ 35.Kc4 R8a4+ 36.Kd5 Rxa2 37.Bf3 Ra5 38.Rxa5 Rxa5+ 39.Kd6
f6 0-1

[Event "zonal 3.5 (w)"]
[Site "Tianjin CHN"]
[Date "2007.04.30"]
[Round "3.15"]
[White "Wang Li"]
[Black "Yu Yangyi"]
[Result "1/2-1/2"]
[WhiteElo "2337"]
[BlackElo "2204"]
[EventDate "2007.04.28"]
[PlyCount "158"]

1.d4 d5 2.c4 c6 3.Nf3 Nf6 4.Nc3 e6 5.Bg5 Nbd7 6.cxd5 exd5 7.e3 Be7 8.Bd3 
O-O 9.O-O Re8 10.Qc2 Nf8 11.h3 g6 12.Rab1 a5 13.a3 Ne6 14.Bh6 Ng7 15.Bxg7 
Kxg7 16.b4 Be6 17.Na4 axb4 18.axb4 Nd7 19.Nc5 Nxc5 20.bxc5 Bc8 21.Ra1 Rxa1
22.Rxa1 Qd7 23.Nd2 Bd8 24.Be2 Bc7 25.Nf1 Qe7 26.Ra8 h5 27.Bd3 Qf6 28.Qb2 
Qe7 29.Nd2 g5 30.Qb1 Rh8 31.Ra3 Qf6 32.g3 Qe7 33.Bf5 Bb8 34.Bxc8 Rxc8 35.
Qf5 Rd8 36.Rb3 f6 37.Nf3 Rd7 38.h4 g4 39.Nd2 Qf7 40.Nb1 Rc7 41.Nc3 Qg6 42.
Qxg6+ Kxg6 43.Kf1 Kf7 44.Ke2 f5 45.Kd3 Ke7 46.Kc2 Kd8 47.Ne2 Re7 48.Nc1 
Kc8 49.Ra3 Re8 50.Nd3 Bc7 51.Kd2 Kb8 52.Ra1 Re7 53.Nc1 Re8 54.Ne2 Re7 55.
Rf1 Kc8 56.f3 gxf3 57.Rxf3 Rf7 58.Rf1 Kd7 59.Ke1 Rf8 60.Kf2 Ra8 61.Kf3 Ke6
62.Rb1 Ra7 63.Nf4+ Bxf4 64.gxf4 Kf6 65.Rg1 Ra8 66.Rb1 Rb8 67.Rb2 Kf7 68.
Rg2 Kf6 69.Rg1 Re8 70.Ra1 Rg8 71.Ra7 Rb8 72.Kf2 Ke6 73.Ra1 Rg8 74.Rb1 Rg7 
75.Kf3 Kf6 76.Rb2 Ke6 77.Ra2 Rg8 78.Ra7 Rb8 79.Ke2 Kd7 1/2-1/2

[Event "zonal 3.5 (w)"]
[Site "Tianjin CHN"]
[Date "2007.04.30"]
[Round "3.16"]
[White "Zhang Ziyang"]
[Black "Wang Xiaohui"]
[Result "1-0"]
[WhiteElo "2323"]
[BlackElo "2190"]
[EventDate "2007.04.28"]
[PlyCount "44"]

1.d4 Nf6 2.c4 e6 3.Nf3 b6 4.g3 Ba6 5.Qc2 Bb4+ 6.Bd2 Bxd2+ 7.Nbxd2 c5 8.e4 
O-O 9.e5 Ne8 10.Bd3 h6 11.Bh7+ Kh8 12.Be4 Nc6 13.Bxc6 dxc6 14.dxc5 bxc5 
15.O-O g6 16.Ne4 Qb6 17.b3 Ng7 18.Qc1 g5 19.Nfxg5 hxg5 20.Qxg5 Nf5 21.Nf6 
Rfd8 22.g4 Qc7 1-0

[Event "zonal 3.5 (w)"]
[Site "Tianjin CHN"]
[Date "2007.04.30"]
[Round "3.17"]
[White "Wang Jiaquan"]
[Black "Wei Chenpeng"]
[Result "1/2-1/2"]
[WhiteElo "2276"]
[BlackElo "2343"]
[EventDate "2007.04.28"]
[PlyCount "79"]

1.e4 c5 2.Nf3 d6 3.d4 cxd4 4.Nxd4 Nf6 5.Nc3 a6 6.Bd3 e6 7.O-O b5 8.f4 Bb7 
9.a3 Be7 10.Kh1 Nbd7 11.Qe2 Nc5 12.Bd2 O-O 13.b4 Nxd3 14.cxd3 Rc8 15.Rac1 
Re8 16.Nf3 Bf8 17.Qf2 Rc7 18.a4 bxa4 19.Nxa4 Nd7 20.Qa7 f5 21.Rxc7 Qxc7 
22.Rc1 Qb8 23.Qxb8 Nxb8 24.exf5 exf5 25.Nd4 g6 26.Re1 Kf7 27.Rxe8 Kxe8 28.
Kg1 Be7 29.Kf2 Bh4+ 30.g3 Bf6 31.Be3 Nc6 32.Nc2 Ke7 33.Ke2 Kf7 34.Kd2 h6 
35.h4 Ne7 36.Nb6 Ke6 37.Nd4+ Bxd4 38.Bxd4 Nd5 39.Nxd5 Kxd5 40.Bg7 1/2-1/2

[Event "zonal 3.5 (w)"]
[Site "Tianjin CHN"]
[Date "2007.04.30"]
[Round "3.19"]
[White "Jia Haoxiang"]
[Black "Ding Liren"]
[Result "0-1"]
[WhiteElo "2198"]
[BlackElo "2289"]
[EventDate "2007.04.28"]
[PlyCount "88"]

1.Nf3 Nf6 2.c4 g6 3.Nc3 Bg7 4.g3 O-O 5.Bg2 d6 6.O-O e5 7.d4 Nc6 8.dxe5 
dxe5 9.Bg5 Be6 10.Qa4 h6 11.Rfd1 Qe8 12.Bxf6 Bxf6 13.Nd5 Bd8 14.Qb3 f5 15.
Nxe5 Nxe5 16.Qxb7 Rc8 17.Nf4 c6 18.Rd6 Rf7 19.Qa6 Bd7 20.Nxg6 Ng4 21.c5 
Bc7 22.Rd4 Kg7 23.Nh4 Be5 24.Rd2 f4 25.Qd3 fxg3 26.fxg3 Qe7 27.Rad1 Qxc5+ 
28.e3 Qxe3+ 29.Qxe3 Nxe3 30.Rxd7 Nxd1 31.Rxd1 Bxb2 32.g4 Kf8 33.Be4 c5 34.
Rd2 Bd4+ 35.Kg2 Rb8 36.Bd5 Rf6 37.Bb3 Rb4 38.Nf3 a5 39.h4 a4 40.Bd5 Rd6 
41.Be4 Rb2 42.Rc2 a3 43.g5 hxg5 44.hxg5 Rdb6 0-1

[Event "zonal 3.5 (w)"]
[Site "Tianjin CHN"]
[Date "2007.05.01"]
[Round "4.1"]
[White "Wang Rui"]
[Black "Zhang Pengxiang"]
[Result "0-1"]
[WhiteElo "2483"]
[BlackElo "2657"]
[EventDate "2007.04.28"]
[PlyCount "140"]

1.d4 d5 2.Nf3 c6 3.c4 e6 4.e3 Nf6 5.Nc3 Nbd7 6.Qc2 Bd6 7.b3 O-O 8.Be2 b6 
9.O-O Bb7 10.Bb2 Qe7 11.Rad1 Rac8 12.Rfe1 Rfd8 13.Bd3 e5 14.e4 dxc4 15.
Bxc4 b5 16.Bf1 a6 17.g3 Re8 18.Bh3 Rcd8 19.Bg2 g6 20.Qc1 Qf8 21.dxe5 Nxe5 
22.Nxe5 Bxe5 23.Rxd8 Rxd8 24.Nxb5 Bxb2 25.Qxb2 Nxe4 26.Nc3 Nc5 27.Qe2 a5 
28.Rd1 Re8 29.Qd2 Qe7 30.h4 Qe5 31.Kh2 Kg7 32.Qd4 Qxd4 33.Rxd4 Re1 34.Na4 
Ne6 35.Rd2 Rc1 36.Nb6 Ba6 37.Nd7 c5 38.Bd5 Nc7 39.Bc6 c4 40.bxc4 Bxc4 41.
Bf3 Be6 42.Nb6 Rc3 43.Be2 h5 44.Kg2 Rc1 45.Rb2 Rc3 46.Rd2 Ne8 47.Bf3 Nf6 
48.a4 Rb3 49.Na8 Rb4 50.Nc7 Bb3 51.Rb2 Bxa4 52.Ra2 Rd4 53.Ra3 Ng4 54.Na8 
Bd1 55.Bxd1 Rxd1 56.Ra2 Rd5 57.Nb6 Rc5 58.Na4 Rc6 59.Kf1 Kf6 60.Ke2 Ke7 
61.f3 Ne5 62.f4 Nd7 63.Ke3 Rc4 64.Ra3 f5 65.Nb2 Re4+ 66.Kd2 Nc5 67.Rc3 Kd6
68.Nc4+ Kd5 69.Nb6+ Kc6 70.Nd7 Rd4+ 0-1

[Event "zonal 3.5 (w)"]
[Site "Tianjin CHN"]
[Date "2007.05.01"]
[Round "4.3"]
[White "Wang Hao"]
[Black "Xiu Deshun"]
[Result "1-0"]
[WhiteElo "2638"]
[BlackElo "2289"]
[EventDate "2007.04.28"]
[PlyCount "69"]

1.e4 c5 2.Nf3 d6 3.d4 cxd4 4.Nxd4 Nf6 5.Nc3 a6 6.Be2 e5 7.Nb3 Be7 8.O-O 
O-O 9.Kh1 Nc6 10.f3 b5 11.Be3 Bb7 12.Qd2 Na5 13.Nxa5 Qxa5 14.Nd5 Qd8 15.c4
Nxd5 16.cxd5 Bc8 17.a4 Bd7 18.axb5 axb5 19.Rfc1 f5 20.exf5 Bxf5 21.Rxa8 
Qxa8 22.Bxb5 Rb8 23.Bc6 Qa2 24.b4 Qb3 25.b5 Rxb5 26.Bxb5 Qxb5 27.h3 Bf8 
28.Ra1 Bd3 29.Qc3 e4 30.f4 Qxd5 31.Qc8 Qf7 32.Ra7 Qf6 33.f5 Bb5 34.Qe6+ 
Kh8 35.Ra8 1-0

[Event "zonal 3.5 (w)"]
[Site "Tianjin CHN"]
[Date "2007.05.01"]
[Round "4.4"]
[White "Bu Xiangzhi"]
[Black "Wang Chen"]
[Result "1-0"]
[WhiteElo "2656"]
[BlackElo "2249"]
[EventDate "2007.04.28"]
[PlyCount "85"]

1.d4 d5 2.Nf3 e6 3.c4 c5 4.cxd5 exd5 5.Nc3 Nc6 6.g3 Nf6 7.Bg2 Be7 8.O-O 
O-O 9.Bg5 cxd4 10.Nxd4 h6 11.Bf4 Bg4 12.h3 Be6 13.Nxe6 fxe6 14.e4 d4 15.e5
dxc3 16.exf6 Bxf6 17.bxc3 Qxd1 18.Rfxd1 Rad8 19.Rab1 Rxd1+ 20.Rxd1 Bxc3 
21.Be3 Nb4 22.Rd6 Nxa2 23.Rxe6 a5 24.Re7 Nb4 25.Rxb7 Rd8 26.Bb6 Rd1+ 27.
Kh2 a4 28.Ra7 Ra1 29.Be4 g5 30.Rc7 Re1 31.Bh7+ Kh8 32.Bf5 Bb2 33.Rc4 Nd5 
34.Bc5 Re5 35.Bd3 a3 36.Ra4 Nf4 37.Ra8+ Kg7 38.Bf8+ Kf7 39.gxf4 Re8 40.
Bxa3 Rxa8 41.Bxb2 gxf4 42.Kg2 Rd8 43.Be4 1-0

[Event "zonal 3.5 (w)"]
[Site "Tianjin CHN"]
[Date "2007.05.01"]
[Round "4.5"]
[White "Li Chao"]
[Black "Wan Yunguo"]
[Result "1-0"]
[WhiteElo "2525"]
[BlackElo "2386"]
[EventDate "2007.04.28"]
[PlyCount "69"]

1.e4 e6 2.d4 d5 3.Nc3 h6 4.Bd3 dxe4 5.Nxe4 Nd7 6.Nf3 Ngf6 7.Qe2 c5 8.Nxf6+
Nxf6 9.Be3 Nd5 10.O-O-O a6 11.h4 Be7 12.g4 Qa5 13.Kb1 Bd7 14.Ne5 Bc6 15.
Bd2 Qc7 16.c4 Nf6 17.Nxc6 bxc6 18.g5 Nd7 19.d5 cxd5 20.cxd5 exd5 21.Rhe1 
Nf8 22.Bf4 Qb7 23.g6 c4 24.Bd6 Ra7 25.Qf3 cxd3 26.Qxf7+ Kd8 27.Bxe7+ Qxe7 
28.Rxe7 Rxe7 29.Qxd5+ Rd7 30.Qa8+ Ke7 31.Re1+ Kf6 32.Qc6+ Kf5 33.Qe4+ Kf6 
34.h5 d2 35.Qe5# 1-0

[Event "zonal 3.5 (w)"]
[Site "Tianjin CHN"]
[Date "2007.05.01"]
[Round "4.6"]
[White "Wang Yu"]
[Black "Liang Chong"]
[Result "0-1"]
[WhiteElo "2384"]
[BlackElo "2505"]
[EventDate "2007.04.28"]
[PlyCount "48"]

1.e4 b6 2.d4 Bb7 3.Nc3 e6 4.Bd3 d6 5.Qe2 Nd7 6.Nf3 Ne7 7.h4 h6 8.Bf4 a6 9.
O-O-O b5 10.Rhe1 Nb6 11.a3 Qd7 12.d5 e5 13.Be3 Qg4 14.Bxb5+ axb5 15.Nxb5 
Qd7 16.Nxe5 dxe5 17.d6 Ba6 18.Nxc7+ Qxc7 19.Qh5 Qc6 20.Bxb6 Qxb6 21.d7+ 
Kd8 22.Qxe5 f6 23.Qc3 Nc6 24.f4 Bc5 0-1

[Event "zonal 3.5 (w)"]
[Site "Tianjin CHN"]
[Date "2007.05.01"]
[Round "4.7"]
[White "Zhao Jun"]
[Black "Zhang Ziyang"]
[Result "0-1"]
[WhiteElo "2554"]
[BlackElo "2323"]
[EventDate "2007.04.28"]
[PlyCount "76"]

1.c4 Nf6 2.Nc3 c5 3.Nf3 Nc6 4.d4 cxd4 5.Nxd4 g6 6.e4 d6 7.Be2 Bg7 8.Be3 
O-O 9.O-O Nxd4 10.Bxd4 Bd7 11.Qd2 Bc6 12.f3 Nd7 13.Be3 a5 14.b3 Nc5 15.
Rab1 Qb6 16.Rfc1 Rfc8 17.Rc2 Qd8 18.Bf1 h5 19.g3 Kh7 20.Re1 Qh8 21.Nd5 
Bxd5 22.exd5 Bf6 23.h4 a4 24.b4 Nb3 25.Qd3 Nd4 26.Bxd4 Bxd4+ 27.Kh2 Rc7 
28.a3 b5 29.Re4 Bb6 30.cxb5 Rxc2+ 31.Qxc2 Rc8 32.Qe2 Qa1 33.Rxe7 Qb1 34.
Bg2 Bg1+ 35.Kh3 Qf5+ 36.g4 Qf4 37.gxh5 Kh6 38.hxg6 Qf5+ 0-1

[Event "zonal 3.5 (w)"]
[Site "Tianjin CHN"]
[Date "2007.05.01"]
[Round "4.8"]
[White "Yu Lie"]
[Black "Li Shilong"]
[Result "1-0"]
[WhiteElo "2325"]
[BlackElo "2552"]
[EventDate "2007.04.28"]
[PlyCount "135"]

1.d4 Nf6 2.g3 g6 3.Bg2 Bg7 4.e4 d6 5.Nc3 c6 6.a4 Nbd7 7.Nge2 O-O 8.O-O e5 
9.h3 b6 10.Be3 Bb7 11.Qd2 Re8 12.f3 a6 13.Rad1 b5 14.b3 Qc7 15.dxe5 dxe5 
16.Nc1 Nf8 17.Nd3 N6d7 18.Ne2 Ne6 19.c3 Rad8 20.Qc2 c5 21.axb5 axb5 22.Ra1
Ra8 23.Rfd1 f5 24.b4 c4 25.Nf2 Rxa1 26.Rxa1 f4 27.Bd2 g5 28.g4 Bf6 29.Be1 
Qc6 30.Qd2 Be7 31.Nd1 Nf6 32.Qb2 Bd8 33.Bf2 Kg7 34.Qd2 Bc7 35.Nb2 h5 36.
Qe1 Rf8 37.Bh1 Rh8 38.Bg2 hxg4 39.hxg4 Nd8 40.Kf1 Rh2 41.Ng1 Nf7 42.Nh3 
Nxg4 43.fxg4 f3 44.Bxf3 Rxh3 45.Bg2 Rh8 46.Qe3 Kg6 47.Rd1 Bc8 48.Qf3 Nh6 
49.Qf5+ Kg7 50.Qxg5+ Kh7 51.Be3 Rf8+ 52.Kg1 Rg8 53.Qh4 Bxg4 54.Rf1 Qg6 55.
Bxh6 Bh5 56.Qe7+ Kh8 57.Qf6+ Qxf6 58.Rxf6 Bd8 59.Rf8 Rxf8 60.Bxf8 Bg5 61.
Bd6 Be3+ 62.Kf1 Bc1 63.Bxe5+ Kg8 64.Ke1 Bxb2 65.Kd2 Kf7 66.Kc2 Ba3 67.Bf4 
Kg6 68.Kb1 1-0